书目信息 |
| 题名: |
无线电波传播
|
|
| 作者: | 多路哈诺夫 著 ;王华兰 , 汪文秉 译 | |
| 分册: | ||
| 出版信息: | 北京 人民邮电出版社 1963 |
|
| 页数: | 375页 | |
| 开本: | 20cm | |
| 丛书名: | ||
| 单 册: | ||
| 中图分类: | TN011 | |
| 科图分类: | ||
| 主题词: | 射频-电波传播--高等学校--教学参考资料 , 电波传播-射频--高等学校--教学参考资料 | |
| 电子资源: | ||
| ISBN: | ||
| 000 | 00869nam0 2200289 45 | |
| 001 | 0187006040 | |
| 005 | 20040520101115.4 | |
| 010 | @dCNY1.80 | |
| 091 | @aK15045.总1026-无358 | |
| 100 | @a19901117d1963 em y0chiy0121 ea | |
| 101 | 0 | @achi@crus |
| 102 | @aCN@b110000 | |
| 105 | @ay z 000yy | |
| 106 | @ar | |
| 200 | 10 | @a无线电波传播@Awu xian dian bo chuan bo@f(苏联)多路哈诺夫著@F(Su Lian)Duo Lu Ha Nuo Fu Zhu@g王华兰,汪文秉译 |
| 205 | @a修订本 | |
| 210 | @a北京@c人民邮电出版社@d1963 | |
| 215 | @a375页@d20cm | |
| 606 | @a射频-电波传播@x高等学校@x教学参考资料 | |
| 606 | @a电波传播-射频@x高等学校@x教学参考资料 | |
| 690 | @aTN011@v3 | |
| 701 | 0 | @a多路哈诺夫@4著 |
| 702 | 0 | @a王华兰@AWang Hua Lan@4译 |
| 702 | 0 | @a汪文秉@AWang Wen Bing@4译 |
| 801 | 0 | @aCN@b深圳图书馆@c20040520 |
| 801 | 2 | @aCN@bNLC@c20040520 |
| 905 | @f1@b9781@dTN011@e59=2 | |
| 无线电波传播/(苏联)多路哈诺夫著/王华兰,汪文秉译.-修订本.-北京:人民邮电出版社,1963 |
| 375页;20cm |
| ISBN :CNY1.80 |
| ● |
| 相关链接 |
|
|
|
|
正题名:无线电波传播
索取号:TN011/59=2
 
预约/预借
| 序号 | 登录号 | 条形码 | 馆藏地/架位号 | 状态 | 备注 |
| 1 | 0009781 | 001348161 | 第二样本阅览室/ [索取号:TN011/59=2] | 在馆 |